Name the dog breed by picture - Part 1 - Statistics

General Stats
  • This quiz has been taken 25 times
  • The average score is 10 of 16
Answer Stats
Picture Answer % Correct
Beagle
95%
Siberian Husky
91%
Chihuahua
86%
Rottweiler
86%
Welsh Corgi Pembroke
77%
French Bulldog
73%
German Shepherd
73%
Great Dane
73%
Bloodhound
68%
English Mastiff
59%
Samoyed
55%
American Pit Bull Terrier
50%
Alaskan Malamute
45%
Border Collie
41%
Akita
36%
Maltese
36%
No matching quizzes found
Score Distribution
Percent of People with Each Score
Percentile by Number Answered
Your Score History
You have not taken this quiz